[Event "AUT-ch Seniors 50"]
[White "Ziegelmeyer, Guenther"]
[Black "Keintzel, Raimund"]
[Site "Vienna"]
[Round "3"]
[Result "0-1"]
[Date "2023.05.17"]
[WhiteElo "1627"]
[BlackElo "1593"]
[PlyCount "106"]
[EventDate "2023.05.15"]
[EventType "swiss"]
[EventRounds "7"]
[EventCountry "AUT"]
[SourceTitle "CBM 214 Extra"]
[Source "ChessBase"]
[SourceDate "2023.07.31"]
[SourceVersion "1"]
[SourceVersionDate "2023.07.31"]
[SourceQuality "1"]

1. Nf3 d5 2. d4 Nf6 3. e3 Nc6 4. c4 Bf5 5. a3 Be4 6. Qb3 Bxf3 7. gxf3 Na5 8. Qc3 Nxc4 9. Bxc4 dxc4 10. Qxc4 e6 11. e4 Be7 12. Be3 0-0 13. Nd2 g6 14. Rc1 c6 15. Nb3 Nh5 16. Qc3 Bg5 17. Rd1 Nf4 18. Rg1 Qf6 19. Bc1 h5 20. Nc5 Qe7 21. Nd3 Qf6 22. Nxf4 Bxf4 23. Bxf4 Qxf4 24. Rg2 Rfd8 25. Qe3 Qc7 26. f4 Qa5+ 27. b4 Qb5 28. Rc1 Rd7 29. Rc5 Qb6 30. Rgg5 Rad8 31. d5 cxd5 32. e5 d4 33. Qd3 Rc7 34. Rxc7 Qxc7 35. Rg3 Qc1+ 36. Ke2 Qxf4 37. Qb5 Qe4+ 38. Kd2 Rc8 39. Rd3 Qf4+ 40. Ke1 Rc1+ 41. Rd1 Qe4+ 42. Qe2 Qh1+ 43. Kd2 Rxd1+ 44. Qxd1 Qxd1+ 45. Kxd1 Kg7 46. Kd2 f6 47. f4 g5 48. Kd3 fxe5 49. fxe5 Kg6 50. Kxd4 Kf5 51. a4 g4 52. a5 h4 53. Kc5 g3 0-1

[Event "AUT-ch Seniors 50"]
[White "Rusek, Walter"]
[Black "Ziegelmeyer, Guenther"]
[Site "Vienna"]
[Round "2"]
[Result "1-0"]
[Date "2023.05.16"]
[WhiteElo "1851"]
[BlackElo "1627"]
[PlyCount "101"]
[EventDate "2023.05.15"]
[EventType "swiss"]
[EventRounds "7"]
[EventCountry "AUT"]
[SourceTitle "CBM 214 Extra"]
[Source "ChessBase"]
[SourceDate "2023.07.31"]
[SourceVersion "1"]
[SourceVersionDate "2023.07.31"]
[SourceQuality "1"]

1. d4 d5 2. c4 c6 3. Nc3 Nf6 4. e3 e6 5. Nf3 Bd6 6. Qb3 Nbd7 7. Bd3 0-0 8. 0-0 Bc7 9. Bd2 Re8 10. Rac1 Rb8 11. Qc2 Bd6 12. e4 Nxe4 13. Nxe4 dxe4 14. Bxe4 Nf6 15. Bg5 Be7 16. Bd3 g6 17. Rfd1 Ng4 18. Bxe7 Qxe7 19. Ne5 Qh4 20. h3 Nh6 21. Qc3 Nf5 22. Bxf5 exf5 23. Qa5 f4 24. Nf3 Qf6 25. Qxa7 Bf5 26. Qb6 Re2 27. Re1 Qe7 28. d5 Rxe1+ 29. Rxe1 Qd6 30. Rc1 Be4 31. Ng5 Bf5 32. Re1 h6 33. Ne4 Qe5 34. f3 Kg7 35. Rd1 Bxe4 36. fxe4 Qxe4 37. d6 Qe3+ 38. Qxe3 fxe3 39. Rd3 Kf6 40. Rxe3 Rd8 41. c5 Rd7 42. Kf2 b6 43. b4 bxc5 44. bxc5 g5 45. Kf3 Ra7 46. a3 Ra4 47. Ke2 Rd4 48. Rd3 Re4+ 49. Kf3 Rf4+ 50. Ke3 Ra4 51. d7 1-0